| 000 | 00743nam a22001937a 4500 | ||
|---|---|---|---|
| 999 |
_c12874 _d12874 |
||
| 003 | AR-CdUCM | ||
| 008 | 190410b ||||| |||| 00| 0 spa d | ||
| 040 |
_aMUNICIPALIDAD PROVINCIAL DEL CUSCO _cBIBLIOTECA MUNICIPAL DEL CUSCO |
||
| 082 |
_a100 / _bB17 |
||
| 100 |
_aBaker, A. E. _930976 |
||
| 245 | _aIniciación a la filosofía / | ||
| 260 |
_aSantiago de Chile : _bBiblioteca Ercilla, _c1935. |
||
| 300 |
_a152 páginas _c22 cm. |
||
| 505 | _aContenido :Sócrates y sus predecesores -- Platón y Aristóteles -- Las escuelas socráticas -- El neoplatonismo y los padres de la iglesia -- La edad media -- El renacimiento y la reforma ... | ||
| 650 |
_aSócrates _99985 |
||
| 650 |
_aPlatón _917186 |
||
| 942 |
_2ddc _cLIBROS |
||
| 945 | _arum | ||